O Filme (Record no. 8474)

MARC details
000 -LÍDER
campo de controle de tamanho fixo 00635 a2200241 4500
001 - NÚMERO DE CONTROLE
campo de controle 8474
003 - IDENTIFICADOR DO NÚMERO DE CONTROLE
campo de controle Complexo Educacional Contemporaneo
005 - DATA E HORÁRIO DA ÚLTIMA TRANSAÇÃO
campo de controle 20230919130131.0
008 - CAMPO DE DADOS FIXOS--INFORMAÇÃO GERAL
campo de controle de tamanho fixo 200716s2008 r por d
040 ## - FONTE DA CATALOGAÇÃO
Instituição da catalogação original Complexo Educacional Contemporaneo
Idioma da catalogação por
080 ## - CDU - CLASSIFICAÇÃO DECIMAL UNIVERSAL
Número da Classificação Decimal Universal (CDU) 087.5
082 ## - CDD - CLASSIFICAÇÃO DECIMAL DE DEWEY
Número de Classificação 087.5
090 ## - NÚMERO DE CHAMADA LOCAL
Número de chamada (OCLC) (R); Número de chamada, CALL (RLIN) (NR) 087.5 O48f
Número Cutter local (OCLC); Número de classificação do livro, CALL (RLIN) AP
100 ## - ENTRADA PRINCIPAL--NOME PESSOAL
Nome pessoal Oliveira, João Batista Araujo e
240 10 - TÍTULO UNIFORME
Título uniforme O Filme
Idioma da obra Português
260 ## - PUBLICAÇÃO, DISTRIBUIÇÃO, ETC.
Local de publicação, distribuição, etc. Brasília
Nome do editor, distribuidor, etc. Instituto Alfa e Beto
Data da publicação, distribuição, etc. 2008
245 10 - TÍTULO
Título O Filme
300 ## - DESCRIÇÃO FÍSICA
Extensão 8p.
362 0# - DATAS DE PUBLICAÇÃO E/OU DESIGNAÇÃO SEQUENCIAL
Datas de publicação e/ou designação sequencial (2008)
650 #4 - ASSUNTO--TERMO TÓPICO
Cabeçalho tópico ou nome geográfico Cinema
650 #4 - ASSUNTO--TERMO TÓPICO
Cabeçalho tópico ou nome geográfico Pouca Leitura
Holdings
Situação do descarte Situação das perdas Fonte da classificação ou esquema de arquivamento na estante Situação física Não pode ser emprestado Biblioteca de origem Biblioteca atual Data de aquisição Total de empréstimos Código de barras Data de último acesso Número do exemplar Data do preço efetivo Tipo de material Koha
          Contemporâneo - Lagoa Nova P2 Contemporâneo - Lagoa Nova P2 16/07/2020   077019 19/09/2023 1 19/09/2023 Livros